| 000 | 00799nam a22002057a 4500 | ||
|---|---|---|---|
| 010 | _aB-515486-527 | ||
| 020 |
_a8184824130 _c225.00 |
||
| 020 |
_a9788184824131 _c225.00 |
||
| 035 | _aB-515486-527 | ||
| 037 | _bUBH/Ven | ||
| 082 | _aS | ||
| 245 |
_aWarriors for freedom / _cedited by Anant Pai; illustrated by H.C. Chavan [and] Dilip Kadam |
||
| 260 |
_bAmar Chitra Katha _c2011(repr.) _aMumbai |
||
| 270 |
_aThe Forum,3rd Floor Raghuvanshi Mill Compound. S.B.Marg, Lower Parel (W) _bMumbai _e400013 |
||
| 300 |
_avarious pages. _c24cm(Hb) _bcol. ill. |
||
| 500 | _a5-In-1 | ||
| 505 | _aThe Rani of Kittur, Rani of Jhansi, Tipu Sultan, Velu Thampi Kunwar Singh | ||
| 942 |
_cCH _hS _2ddc _mWAR |
||
| 999 |
_c79091 _d79091 |
||